Sports Quiz

Random Sports or NFL Quiz

NFL Logos: Britified Quiz Stats

Quiz Updated Nov 28, 2017

Challenge
Share
Tweet
Score 0/28 Timer 05:00
16 Plays Today
% Correct
Chicago Bears
96.5%
Dallas Cowboys
95.5%
Arizona Cardinals
95.3%
Seattle Seahawks
94.7%
Minnesota Vikings
94.2%
Buffalo Bills
93.4%
Los Angeles Rams
93.1%
Miami Dolphins
92.9%
Denver Broncos
92.8%
Detroit Lions
92.7%
Philadelphia Eagles
92.6%
New England Patriots
92.2%
New Orleans Saints
92.1%
Washington Redskins
92%
% Correct
Indianapolis Colts
91.2%
Houston Texans
91%
Tampa Bay Buccaneers
90.3%
Kansas City Chiefs
90%
Los Angeles Chargers
89.8%
New York Jets
89.6%
Tennessee Titans
89.6%
Cincinnati Bengals
89.6%
Atlanta Falcons
89.3%
Green Bay Packers
88.3%
Pittsburgh Steelers
87%
New York Giants
84.8%
Cleveland Browns
83.6%
San Francisco 49ers
73.9%

You're not logged in!

Compare scores with friends on all Sporcle quizzes.
Sign Up with Email
OR
Log In

You Might Also Like...

Show Comments

Extras

Top Quizzes Today


Score Distribution

Your Account Isn't Verified!

In order to create a playlist on Sporcle, you need to verify the email address you used during registration. Go to your Sporcle Settings to finish the process.